The knowledge-based organization : (Record no. 344248)
[ view plain ]
| 000 -LEADER | |
|---|---|
| fixed length control field | 01303 a2200217 4500 |
| 020 ## - INTERNATIONAL STANDARD BOOK NUMBER | |
| International Standard Book Number | 0786303530 |
| 020 ## - INTERNATIONAL STANDARD BOOK NUMBER | |
| International Standard Book Number | 9780786303533 |
| 082 04 - DEWEY DECIMAL CLASSIFICATION NUMBER | |
| Classification number | 658.812 |
| 090 ## - LOCALLY ASSIGNED LC-TYPE CALL NUMBER (OCLC); LOCAL CALL NUMBER (RLIN) | |
| -- | 1734 |
| -- | 1734 |
| 100 1# - MAIN ENTRY--PERSONAL NAME | |
| Personal name | Alexander, James A. |
| 245 14 - TITLE STATEMENT | |
| Title | The knowledge-based organization : |
| Remainder of title | four steps to increasing sales, profits, and market share / |
| Statement of responsibility, etc. | James A. Alexander. |
| 250 ## - EDITION STATEMENT | |
| Edition statement | 1st ed. |
| 260 ## - PUBLICATION, DISTRIBUTION, ETC. | |
| Place of publication, distribution, etc. | [S.l.] : |
| Name of publisher, distributor, etc. | McGraw-Hill, |
| Date of publication, distribution, etc. | 1994. |
| 300 ## - PHYSICAL DESCRIPTION | |
| Extent | 140 p. ; |
| Dimensions | 24 cm. |
| 500 ## - GENERAL NOTE | |
| General note | Hardcover. |
| 520 ## - SUMMARY, ETC. | |
| Summary, etc. | The Knowledge-Based Organization offers a blueprint for integrating sales and service capabilities to create a professional services organization. Any executive charged with the responsibility of generating new, higher-margin revenue will find key strategies for building products that improve profitability. This results-focused book gives readers the basics to begin: creating the professional services organization to compete in the next century; transitioning from existing sales and service model; handling common problems and apply real-world examples. |
| 700 1# - ADDED ENTRY--PERSONAL NAME | |
| Personal name | Lyons, Michael C. |
| 856 40 - ELECTRONIC LOCATION AND ACCESS | |
| Materials specified | Amazon.com |
| Uniform Resource Identifier | <a href="http://www.amazon.com/exec/obidos/ASIN/0786303530/chopaconline-20">http://www.amazon.com/exec/obidos/ASIN/0786303530/chopaconline-20</a> |
| 856 40 - ELECTRONIC LOCATION AND ACCESS | |
| Materials specified | Amazon customer reviews |
| Uniform Resource Identifier | <a href="http://www.chopac.org/cgi-bin/tools/azrev.pl?q=0786303530">http://www.chopac.org/cgi-bin/tools/azrev.pl?q=0786303530</a> |
| 942 ## - ADDED ENTRY ELEMENTS (KOHA) | |
| Institution code [OBSOLETE] | NBS |
| Koha item type | Book |
| Call number prefix | 658.812 BLY |
| Withdrawn status | Lost status | Source of classification or shelving scheme | Damaged status | Not for loan | Permanent Location | Current Location | Date acquired | Total Checkouts | Full call number | Barcode | Date last seen | Price effective from | Koha item type |
|---|---|---|---|---|---|---|---|---|---|---|---|---|---|
| Central Library (CL) | Central Library (CL) | 08/28/2013 | 658.812 BLY | NBSABCetc | 08/28/2013 | 08/28/2013 | Book |
